000 01063nam a2200325 a 4500
001 vtls001439594
003 NLI
005 20210627122025.0
008 121130s1992 ii 001 0 eng
020 _a8170224136
_cRs.165.00
039 9 _a201711171345
_bsyamalkb
_y201211301649
_zVLOAD
040 _aNLI
_beng
_cDatasoft_GENG
_eAACR2
041 0 _aeng
044 _aii
082 0 4 _a150
100 1 _aSuar, Damodar,
_d1954-
_91003633
245 1 0 _aPsychological aspects of polarisation phenomenon /
_cDamodar Suar
260 _aNew Delhi :
_bConcept Publishing,
_c1992
300 _a219 p. ;
_c22 cm.
504 _aIncludes bibliographical references and index
650 0 _aPsychology
_9683737
887 _a syamal Kanti Biswas
901 _aDB64745 :
_b08.02.1994
902 _aE 150 Su 12
904 _l657
905 _asyamal Kanti Biswas
949 _AVIRTUAITEM
_D10000
_X100
_6DBA000064745ENG
942 _2ddc
_cBKS
999 _aVIRTUA40
_c891799
_d891799
999 _aVTLSSORT0080*0200*0400*0410*0440*0820*1000*2450*2600*3000*5040*6500*9010*9020*9040*9050*9490*9992